| 000 | 00575nam a2200205Ia 4500 | ||
|---|---|---|---|
| 005 | 20250508162414.0 | ||
| 008 | 008 250505s9999 xx 000 0 eng d | ||
| 020 | _a0-333-27419-9 | ||
| 037 | _aTextual | ||
| 040 |
_aFEDL _beng _cFEDL |
||
| 041 |
_aeng _2eng |
||
| 084 |
_a200, THA _qFEDL |
||
| 100 | _aThakur Shivesh Chandra | ||
| 245 | 0 | _aReligion and rational choice | |
| 260 |
_aLondon, UK _bThe Macmillan Press Ltd. _c1981 |
||
| 300 | _a122p | ||
| 490 | _aLibrary of philosophy and religion | ||
| 942 |
_cTEXL _h200, THA |
||
| 999 |
_c1376333 _d1376333 |
||